000 02042nam0a2200445 4500
001 RU\NLR\bibl\1032826
005 20260405122214.0
010 _a5-89347-389-2
_95000
021 _aRU
_b2006-76000
_93845
035 _a(nilc)RSL-KNO-002982262
035 _a(NLR Aleph) 001020279
090 _a694091
_c694091
100 _a20061127d2006 |||y0rusy50 ca
101 0 _arus
_dger
102 _aRU
105 _ay z |||||
106 _ar
200 1 _aНовая Германия в меняющемся мире
_dDas neue Deutschland in der sich wandelnden welt
_eмеждународное положение и внешняя политика Германии на рубеже ХХ-XXI вв.
_fР.Н. Имангалиев
_zger
210 _aКазань
_cНовое знание
_d2006
215 _a252, [1] с.
_d21
300 _aАвт. также на нем. яз.: R. Imangalijew
300 _aВ конце кн. авт.: Имангалиев Р.Н., д.ист.н., доц.
300 _aНа обл. авт. не указан
300 _aРез. на нем. яз.
320 _aБиблиогр.: с. 235-252 и в прим. в конце глав
320 _aДр. работы авт. в конце кн.
510 0 _6z20790
_aDas neue Deutschland in der sich wandelnden welt
_zger
607 _aФедеративная Республика Германия
_xВнешняя политика
_91669013
_3RU\NLR\AUTH\661038904
610 0 _aвнешняя политика
686 1 _aТ3(4Г)65-6
700 1 _4070
_8rus
_7ca
_aИмангалиев
_bР. Н.
_f1948-
_gРавиль Наурузгалиевич
_3RU\NLR\auth\7748088
_931023
790 1 _4070
_8rus
_7ba
_aImangaliev
_bR. N.
_f1948-
_gRavil' Nauruzgalievič
_3RU\NLR\auth\7748089
_931024
801 0 _aRU
_bРКП
_c20061127
_grcr
801 1 _aRU
_bРГБ
_c20061127
801 2 _aRU
_bNLR
_c20070119
_grcr
830 _aАвт. по кн.
942 _cBOOK
980 _aNB